1077 1638 1109 1062 1007 1942 1826 1755 1485 1613 1323 1309 1244 1481 1357 1788 1906 1312 1900 1657 1332 1771 1175 1634 1309 1261 1963 1872 1155 1414 1035 1947 1628 1957 1634 1434 1211 1123 1729 1046 1002 1671 1878 1172 1896 1545 1790 1873 1751 1945 1443 1351 1582 1040 1230 1349 1395 1198 1563 1306 1959 1389 1343 1164 1091 1479 1486 1187 1304 1378 1316 1768 1747 1984 1337 1768 1141 1043 1418 1579 1317 1042 1888 1872 1459 1726 1977 1485 1459 1033 1759 1092 1958 1384 1344 1884 1020 1464 1157 BCNSPRNW ULIB Ver.6.0+V

เปลี่ยนเป็นภาษาไทย

Change to English
 แสดงรายละเอียดบรรณานุกรม
  กลับหน้าหลัก

Brief Record : Get Marc (ISO 2709) : E-mail record : QR code < ปิดหน้าต่าง
LEADER : 00000nam 2200000uu 4500
001    13399123250
003     ULIB
008    140805s2545||||th 000 0 tha d
020    ^a9749070704
060 04 ^aWP570^bส239ภ
245 00 ^aภาวะมีบุตรยากและเทคโนโลยีช่วยการเจริญพันธุ์ =^bInfertility and assisted reproductive technology /^cบรรณาธิการ,สมบูรณ์ คุณาธิคม
246 31 ^aInfertility and assisted reproductive technology
250    ^aพิมพ์ครั้งที่ 1
260    ^aกรุงเทพฯ :^bภาควิชาสูติศาสตร์-นรีเวชวิทยาคณะแพทยศาสตร์ศิริราชพยาบาล มหาวิทยาลัยมหิดล,^c2545
300    ^a298 หน้า :^bภาพประกอบ ;^c27 ซม.
650  7 ^aการผสมเทียม
650  7 ^aการตกไข่
650  7 ^aภาวะเจริญพันธุ์
650  7 ^aภาวะมีบุตรยาก
653    ^aผลงานอาจารย์คณะแพทยศาสตร์ศิริราชพยาบาล
700 0  ^aสมบูรณ์ คุณาธิคม,^eบรรณาธิการ
710 2  ^aมหาวิทยาลัยมหิดล. ^bคณะแพทยศาสตร์ศิริราชพยาบาล.^bภาควิชาสูติศาสตร์-นรีเวชวิทยา
945    ^p300^l0^i12223
995    ^aทศพร
999    ^aทศพร เกษรทอง
รายการนี้ยังไม่มีแท็ก
คุณยังไม่ได้ล็อกอิน คุณสามารถมีกิจกรรมร่วมกับเว็บไซต์ได้ แต่ต้องล็อกอินก่อน ::
  ล็อกอิน

รายการสื่อสารสนเทศ

ลำดับที่ ประเภท เลขเรียก/บาร์โค้ด สถานที่ สถานะ
1. วิทยาศาสตร์การแพทย์ และสุขภาพ
หนังสือสำรอง
สถานะ=หนังสือสำรอง
WP570 ส239ภ ฉ.1 
  Barcode: 12223
ห้องสมุดวิทยาเขตนครสวรรค์
►ส่วนจัดเก็บหนังสือเก่า นว.
บนชั้น
  ขอยืม

รายการใกล้เคียง
    หัวเรื่อง [การผสมเทียม]
    หัวเรื่อง [การตกไข่]
    หัวเรื่อง [ภาวะเจริญพันธุ์]
    หัวเรื่อง [ภาวะมีบุตรยาก]

BibComment


ยังไม่เคยถูกคอมเมนท์

คอมเมนท์ทรัพยากรรายการนี้
  คอมเมนท์: ภาวะมีบุตรยากและ..


 Copyright 2026. Bcnsprnw @Library